000 00489nmm a2200181Ia 4500
008 251105s9999||||xx |||||||||||||||||und||
020 _a9788499187747
041 _aspa
100 _aRutherfurd, Edward
245 0 _aRusia
264 _a[Madrid, España] :
_bRoca Editorial,
_c2014
300 _a954 páginas
650 _aHistorical fiction
700 _aRutherfurd, Edward
700 1 _a Gallart, Dolors
856 _uhttps://public.digitaliapublishing.com/a/33268
942 _cCF
999 _c70896
_d70896